000 00689cam a22002291 4500
001 med47002106
003 DLC
005 20260227111605.0
008 811121s1947 xx a 000 0 eng
010 _amed47002106
035 _a(OCoLC)14663437
040 _aDLC
_cDNLM
_dCLolC
_dDLC
042 _apremarc
050 0 0 _aRE81
_b.U7
060 0 _aWW 143
_bU76t 1947
100 1 _aUribe y Troncoso, Manuel,
_d1867-1959.
245 1 2 _aA treatise on gonioscopy ...
260 _aPhiladelphia,
_bDavis,
_c1947.
300 _axi, 306 p.
_bill.
500 _a"The development of the angle of the anterior chamber in the human eye," by Ida Mann: p. 63-75.
700 1 _aMann, Ida,
_d1893-1983.
999 _c38508
_d38508